Business research methods / (Record no. 1886)

MARC details
000 -LEADER
fixed length control field 01271cam a2200301 a 4500
001 - CONTROL NUMBER
control field 12804537
005 - DATE AND TIME OF LATEST TRANSACTION
control field 20210819131918.0
008 - FIXED-LENGTH DATA ELEMENTS--GENERAL INFORMATION
fixed length control field 020606s2002 maua b 001 0 eng
010 ## - LIBRARY OF CONGRESS CONTROL NUMBER
LC control number 2002108078
020 ## - INTERNATIONAL STANDARD BOOK NUMBER
International Standard Book Number 0072498706
020 ## - INTERNATIONAL STANDARD BOOK NUMBER
International Standard Book Number 0072498730 (CDROM)
035 ## - SYSTEM CONTROL NUMBER
System control number (DLC) 2002108078
040 ## - CATALOGING SOURCE
Original cataloging agency DLC
Transcribing agency DLC
Modifying agency DLC
082 00 - DEWEY DECIMAL CLASSIFICATION NUMBER
Classification number 650.072
Edition number 8th
Item number COO
100 1# - MAIN ENTRY--PERSONAL NAME
Personal name Cooper, Donald R.
9 (RLIN) 4178
245 10 - TITLE STATEMENT
Title Business research methods /
Statement of responsibility, etc. Donald R. Cooper, Pamela S. Schindler.
250 ## - EDITION STATEMENT
Edition statement 8th ed.
260 ## - PUBLICATION, DISTRIBUTION, ETC.
Place of publication, distribution, etc. Boston :
Name of publisher, distributor, etc. McGraw-Hill/Irwin,
Date of publication, distribution, etc. c2003.
300 ## - PHYSICAL DESCRIPTION
Extent xix, 857 p. :
Other physical details ill. (some col.) ;
Dimensions 27 cm. +
Accompanying material 1 CD-ROM (4 3/4 in.).
440 #4 - SERIES STATEMENT/ADDED ENTRY--TITLE
Title The McGraw-Hill/Irwin series operations and decision sciences
9 (RLIN) 2699
504 ## - BIBLIOGRAPHY, ETC. NOTE
Bibliography, etc. note Includes bibliographical references and index.
538 ## - SYSTEM DETAILS NOTE
System details note System requirements for accompanying CD-ROM: IBM PC; Pentium based processor, Microsoft Windows 98/2000, Microsoft Internet Explorer 5.5 as Default Browser, Microsoft Office or equivalent.
650 #0 - SUBJECT ADDED ENTRY--TOPICAL TERM
Topical term or geographic name entry element Industrial management
General subdivision Research.
9 (RLIN) 4179
700 1# - ADDED ENTRY--PERSONAL NAME
Personal name Schindler, Pamela S.
9 (RLIN) 4180
906 ## - LOCAL DATA ELEMENT F, LDF (RLIN)
a 7
b cbc
c orignew
d 2
e epcn
f 20
g y-gencatlg
942 ## - ADDED ENTRY ELEMENTS (KOHA)
Source of classification or shelving scheme Dewey Decimal Classification
Koha item type Books
Holdings
Withdrawn status Lost status Source of classification or shelving scheme Damaged status Not for loan Home library Current library Shelving location Date acquired Total Checkouts Full call number Barcode Date last seen Price effective from Koha item type
    Dewey Decimal Classification     Main Library Main Library Open Shelves 07/28/2020   650.072 COO 2020-2533 07/28/2020 07/28/2020 Books

Lira University Library | Lira University P.O Box 1035 Lira, Uganda
Tel : +256471660489 E-mail : library@lirauni.ac.ug